Acta final del quinto congreso indigenista interamericano, Quito, Ecuador, 19 a 24 de octubre de 1964. (Record no. 93991)

MARC details
000 -CABECERA
campo de control de longitud fija 00655nam a2200193 a 4500
005 - FECHA Y HORA DE LA ÚLTIMA TRANSACCIÓN
campo de control 20231115063613.0
008 - ELEMENTOS DE LONGITUD FIJA--INFORMACIÓN GENERAL
campo de control de longitud fija 030204s1965 mx r 000 0 spa d
035 ## - NÚMERO DE CONTROL DEL SISTEMA
Número de control de sistema UPN01000121778
049 ## - COLECCIÓN
Colección CG
050 #4 - SIGNATURA TOPOGRÁFICA DE LA BIBLIOTECA DEL CONGRESO
Número de clasificación F1415
Número de documento/Ítem C6.2 1964
111 2# - ASIENTO PRINCIPAL--NOMBRE DE REUNION
Nombre de congreso/reunión o jurisdicción como elemento de entrada Congreso Indigenista Interamericano
Número del congreso/reunión o número de parte o sección (5o :
Fecha del congreso/reunión 1964 :
Sede del congreso/Lugar de la reunión Quito)
9 (RLIN) 29003
245 10 - MENCIÓN DE TÍTULO
Título Acta final del quinto congreso indigenista interamericano, Quito, Ecuador, 19 a 24 de octubre de 1964.
260 ## - PUBLICACIÓN, DISTRIBUCIÓN, ETC.
Lugar de publicación, distribución, etc. México :
Nombre del editor, distribuidor, etc. III :
-- OEA,
Fecha de publicación, distribución, etc. 1965.
300 ## - DESCRIPCIÓN FÍSICA
Extensión 53 p.
500 ## - NOTA GENERAL
Nota general Datos tomados de la cubierta
650 #4 - ASIENTO SECUNDARIO DE MATERIA - TERMINO TEMATICO
Término de materia o nombre geográfico como elemento de entrada Indígenas de América Latina
Subdivisión de forma Congresos
9 (RLIN) 13984
650 #2 - ASIENTO SECUNDARIO DE MATERIA - TERMINO TEMATICO
Término de materia o nombre geográfico como elemento de entrada Indigenismo
9 (RLIN) 12654
905 ## - TIPO DE MATERIAL
Tipo de material Libro
Holdings
Estado de retiro Estado de pérdida Fuente del sistema de clasificación o colocación Estado dañado No para préstamo Código de colección Localización permanente Ubicación/localización actual Ubicación en estantería Total de préstamos Clasificación Código de barras Fecha visto por última vez Número de copia Tipo de ítem Koha
    Library of Congress Classification     Colección General Bib. Gregorio Torres Quintero Bib. Gregorio Torres Quintero Planta baja   F1415 C6.2 1964 132542 31/12/2020 1 Libro